[Event "FIDE World Cup"]
[Site "Khanty-Mansiysk"]
[Date "2009.11.24"]
[Round "2.1"]
[White "Yu, Yangyi"]
[Black "Bartel, Mateusz"]
[Result "1-0"]
[WhiteElo "2527"]
[BlackElo "2618"]
[PlyCount "79"]
[EventDate "2009.11.21"]
[EventType "k.o."]
[EventRounds "7"]
[EventCountry "RUS"]
[SourceTitle "CBM 134"]
[Source "ChessBase"]
[SourceDate "2010.01.18"]
[SourceVersion "1"]
[SourceVersionDate "2010.01.18"]
[SourceQuality "1"]

1. Nf3 Nf6 2. g3 b5 3. Bg2 Bb7 4. Na3 a6 5. c4 c6 ({RR} 5... e5 6. O-O e4 7. Nh4 Bxa3 8. bxa3 bxc4 9. Bb2 O-O 10. f3 exf3 11. Bxf3 Bxf3 12. Rxf3 Ne4 13. Nf5 f6 14. d3 Ng5 15. Rf1 cxd3 16. Qxd3 Nc6 17. Rad1 Rb8 18. Bc3 Qe8 19. Qxd7 Rf7 20. Qd5 {Maletin,P (2571)-Korobov,A (2702) Moscow 2013 0-1 (31)}) 6. O-O g6 ({RR} 6... e6 7. b3 d6 8. Re1 Nbd7 9. e4 b4 10. Nc2 c5 11. d3 Be7 12. h4 O-O 13. Nh2 Ne8 14. d4 cxd4 15. Nxd4 Nc5 16. Qc2 Rc8 17. a3 bxa3 18. Bxa3 Qb6 19. b4 Nd7 20. Nb3 Nef6 21. Qe2 {Strache,M (2275)-Mainka,R (2357) Germany GER 2025 1-0 (37)}) 7. d3 $146 ({RR} 7. b3 Bg7 8. Bb2 O-O 9. d3 d6 10. Nd2 Qb6 11. e4 e5 12. Nc2 Nbd7 13. Kh1 d5 14. Qe2 Rfe8 15. Rab1 Rad8 16. Ba1 dxe4 17. dxe4 b4 18. Nf3 Nc5 19. Nd2 Nd3 20. Ne1 Nxe1 21. Rbxe1 c5 {Cherniaev,A (2483)-Haimovich,T (2361) Biel 2015 ½-½ (34)}) ({RR} 7. Re1 Bg7 8. e4 d6 9. d4 Nfd7 10. e5 dxe5 11. dxe5 O-O 12. e6 fxe6 13. Ng5 Nc5 14. Be3 Nbd7 15. b4 Bxa1 16. Qxa1 Nd3 17. Nxe6 {1-0 (17) Visakh,N (2516)-Kapitanchuk,T (2320) Chess.com INT 2021}) 7... Bg7 8. e4 d6 9. e5 dxe5 10. Nxe5 Nfd7 11. d4 O-O 12. Bf4 Nxe5 13. Bxe5 Bxe5 14. dxe5 Qc7 15. e6 fxe6 16. Qb3 Rf6 17. Rac1 c5 18. cxb5 Bxg2 19. Kxg2 Nd7 20. f4 Rb8 21. Rfe1 Kf7 22. Kg1 axb5 23. Nxb5 Qb6 24. a4 c4+ 25. Qe3 Nc5 26. Rxc4 Nxa4 27. Nd4 Nxb2 28. Rc6 Qa7 29. Rxe6 Rb7 30. Kh1 Rd7 31. Rxf6+ Kxf6 32. Qe5+ Kf7 33. Ne6 Qb7+ 34. Kg1 Qb6+ 35. Kg2 Rd2+ 36. Kh3 Qd6 37. Qh8 Qxe6+ 38. Rxe6 Kxe6 39. Qc3 Re2 40. Qf3 1-0

[Event "Oslo BNbank Gp-B"]
[Site "Oslo"]
[Date "2009.11.28"]
[Round "6"]
[White "Nakamura, Hikaru"]
[Black "Johannessen, Leif Erlend"]
[Result "1-0"]
[WhiteElo "2715"]
[BlackElo "2528"]
[PlyCount "101"]
[EventDate "2009.11.28"]
[EventType "tourn (blitz)"]
[EventRounds "6"]
[EventCountry "NOR"]
[EventCategory "8"]
[SourceTitle "CBM 133 Extra"]
[Source "ChessBase"]
[SourceDate "2010.01.05"]
[SourceVersion "1"]
[SourceVersionDate "2010.01.05"]
[SourceQuality "1"]

1. b3 d5 2. Bb2 Nf6 3. e3 c5 4. Nf3 Nc6 5. Bb5 Qc7 ({RR} 5... a6 6. Bxc6+ bxc6 7. Nc3 Qc7 8. Na4 Nd7 9. O-O e5 10. Nh4 Qd8 11. g3 h5 12. f4 e4 13. d3 Nf6 14. Bxf6 Qxf6 15. dxe4 dxe4 16. Qe2 Bh3 17. Rfe1 Qe6 18. f5 Qe5 19. Nb6 {½-½ (19) Nogueiras Santiago,J (2557)-Gomez Fontal,F (2462) Santa Clara 2001}) 6. Ne5 ({RR} 6. c4 e6 7. O-O Bd7 8. d4 dxc4 9. Bxc4 cxd4 10. Nxd4 Nxd4 11. Bxd4 Be7 12. Nc3 O-O 13. Ne2 Bc6 14. Rc1 Qa5 15. Qc2 Rac8 16. Bc3 Qg5 17. Ng3 h5 18. f4 Qh6 19. Bd3 h4 20. Ne4 Nd5 {Barath,K (2186)-Gulamirian,K (1890) chess.com INT 2025 0-1 (90)}) 6... Bd7 7. Bxc6 Bxc6 8. d3 $146 ({RR} 8. O-O e6 9. d3 b6 10. Nxc6 Qxc6 11. Nd2 Nd7 12. Qh5 Nf6 13. Qe2 Rd8 14. f4 d4 15. e4 Be7 16. a4 h5 17. Nc4 Qc7 18. Bc1 Nd7 19. Bd2 a6 20. Rf3 h4 21. Rff1 Qc6 22. Qg4 Nf6 {Kozionov,K (2470)-Afanasiev,N (2519) Moscow 2020 ½-½}) ({RR} 8. O-O e6 9. d3 b6 10. Nxc6 Qxc6 11. Nd2 Nd7 12. Qh5 Nf6 13. Qe2 Rd8 14. f4 d4 15. e4 Be7 16. a4 h5 17. Nc4 Qc7 18. Bc1 Nd7 19. Bd2 a6 20. Rf3 h4 21. Rff1 Qc6 22. Qg4 Nf6 {Kozionov,K (2470)-Afanasiev,N (2519) Moscow 2020 ½-½}) 8... e6 9. Nd2 Bd6 10. Nxc6 Qxc6 11. Qe2 O-O 12. e4 Be7 13. O-O Rad8 14. Rfe1 Rfe8 15. Nf3 d4 16. a4 Bf8 17. Ne5 Qc7 18. Nc4 e5 19. Bc1 h6 20. g3 g6 21. f4 exf4 22. Bxf4 Qc6 23. Rf1 Nh5 24. Bd2 f5 25. g4 fxg4 26. Qxg4 Qe6 27. Qg2 Bg7 28. b4 cxb4 29. Bxb4 Kh7 30. a5 Rd7 31. Rab1 Rc8 32. Bd2 Rcc7 33. Rb5 Rf7 34. Rbb1 Rxf1+ 35. Rxf1 Rf7 36. Rxf7 Qxf7 37. e5 Nf4 38. Qf3 g5 39. Bxf4 gxf4 40. Qe4+ Qg6+ 41. Kf2 Qxe4 42. dxe4 Kg6 43. Kf3 Kg5 44. h4+ Kxh4 45. Kxf4 h5 46. e6 Bf6 47. Ne5 Kh3 48. Kf3 h4 49. Ng6 Kh2 50. e5 Bg5 51. e7 1-0

[Event "CRO-ch 10th"]
[Site "Otocac"]
[Date "2010.01.21"]
[Round "4"]
[White "Stevic, Hrvoje"]
[Black "Zelcic, Robert"]
[Result "1-0"]
[WhiteElo "2614"]
[BlackElo "2557"]
[PlyCount "85"]
[EventDate "2010.01.18"]
[EventType "tourn"]
[EventRounds "11"]
[EventCountry "CRO"]
[EventCategory "13"]
[SourceTitle "CBM 135"]
[Source "ChessBase"]
[SourceDate "2010.03.17"]
[SourceVersion "1"]
[SourceVersionDate "2010.03.17"]
[SourceQuality "1"]

1. Nf3 Nf6 2. g3 d5 3. Bg2 e6 4. O-O Be7 5. d3 O-O 6. Nbd2 Nc6 7. e4 dxe4 8. dxe4 e5 9. c3 a5 10. Qc2 Bc5 ({RR} 10... Be6 11. Ng5 Bd7 12. Rd1 Ng4 13. Ngf3 Bc5 14. Rf1 Qc8 15. a4 h6 16. Nc4 Be6 17. Qe2 b6 18. b3 Re8 19. Nh4 Nf6 20. Kh1 Qa6 21. Nf5 Bxf5 22. exf5 e4 23. f3 e3 24. f4 Ne7 25. Bxa8 {Karjakin,S (2760)-Aronian,L (2777) Zuerich 2015 0-1 (66)}) 11. b3 ({RR} 11. Nc4 Qe7 12. Bg5 h6 13. Bh4 Bg4 14. Ne3 Bxe3 15. fxe3 Bxf3 16. Bxf6 Qxf6 17. Rxf3 Qe7 18. Raf1 f6 19. Rd1 b6 20. Bf1 Rfd8 21. Bc4+ Kh8 22. Bd5 Rd6 23. g4 Qd7 24. Qg2 Ne7 25. g5 Nxd5 {Gubajdullin,A (2238)-Sairam,P (2016) chess.com INT 2025 1-0}) 11... Qe7 $146 ({RR} 11... Re8 12. Bb2 Qe7 13. a3 Bb6 14. b4 Bd7 15. Rad1 Rad8 16. h3 axb4 17. axb4 Bc8 18. Nc4 Nd7 19. Rd5 f6 20. Rfd1 Nf8 21. Nh4 Be6 22. Nf5 Bxf5 23. exf5 Kh8 24. Be4 Rxd5 25. Rxd5 Rd8 26. Qd1 {Karthikeyan,M (2622)-Krzywda,A (2152) Chess.com INT 2022 1-0 (32)}) ({RR} 11... Re8 12. Bb2 Qe7 13. a3 Bb6 14. b4 Bd7 15. Rad1 Rad8 16. h3 axb4 17. axb4 Bc8 18. Nc4 Nd7 19. Rd5 f6 20. Rfd1 Nf8 21. Nh4 Be6 22. Nf5 Bxf5 23. exf5 Kh8 24. Be4 Rxd5 25. Rxd5 Rd8 26. Qd1 {Karthikeyan,M (2622)-Krzywda,A (2152) Chess.com INT 2022 1-0 (32)}) 12. a3 b6 13. h3 Ba6 14. Re1 Rfd8 15. b4 Bd6 16. Bb2 h6 17. Nf1 Qe6 18. Ne3 Bf8 19. Nd5 Rac8 20. c4 axb4 21. axb4 Nxd5 22. exd5 Nxb4 23. dxe6 Nxc2 24. exf7+ Kxf7 25. Rxa6 Nxe1 26. Nxe1 Rd1 27. Ra1 Rxa1 28. Bxa1 Ke6 29. Nd3 Rd8 30. Bd5+ Rxd5 31. cxd5+ Kxd5 32. Nxe5 Be7 33. Ng4 Bf8 34. Ne3+ Kc5 35. Kf1 c6 36. Ke2 Kb4 37. Kd3 b5 38. Nf5 g6 39. Bg7 Bxg7 40. Nxg7 c5 41. Ne6 c4+ 42. Kc2 c3 43. Nf4 1-0

[Event "Moscow Aeroflot op-A 9th"]
[Site "Moscow"]
[Date "2010.02.11"]
[Round "3"]
[White "Nguyen, Ngoc Truong Son"]
[Black "So, Wesley"]
[Result "1-0"]
[WhiteElo "2616"]
[BlackElo "2656"]
[PlyCount "79"]
[EventDate "2010.02.09"]
[EventType "swiss"]
[EventRounds "9"]
[EventCountry "RUS"]
[SourceTitle "CBM 135"]
[Source "ChessBase"]
[SourceDate "2010.03.17"]
[SourceVersion "1"]
[SourceVersionDate "2010.03.17"]
[SourceQuality "1"]

1. Nf3 d5 2. g3 Nf6 3. Bg2 c6 4. O-O Bg4 5. d3 e6 6. Nbd2 Be7 7. e4 O-O 8. Re1 Nbd7 9. h3 Bh5 10. e5 Ne8 11. g4 Bg6 12. Nf1 Nc7 13. Ng3 c5 $146 ({RR} 13... h6 14. c3 a5 15. Bf4 a4 16. Qd2 b5 17. Bf1 Rb8 18. g5 hxg5 19. Nxg5 d4 20. c4 bxc4 21. dxc4 d3 22. Bxd3 Nxe5 23. Rxe5 Qxd3 24. Qxd3 Bxd3 25. Ra5 Rb7 26. Rxa4 e5 27. Be3 f5 28. Bc1 {Kerek,C (2381)-Kallai,G (2531) Hungary 2001 0-1 (39)}) 14. Bf4 d4 15. Ne4 Nd5 16. Bg3 Rc8 17. h4 h6 18. g5 hxg5 19. Nfxg5 c4 20. dxc4 Rxc4 21. b3 Rc7 22. a3 Bxg5 23. hxg5 Nc5 24. Nf6+ gxf6 25. gxf6 Kh7 26. Qxd4 Rh8 27. Bf3 Nxf6 28. Qxd8 Rxd8 29. exf6 Rcc8 30. b4 Na4 31. Kg2 Bxc2 32. Rec1 Bf5 33. Rh1+ Kg6 34. Be5 Rh8 35. Rag1 Bd3 36. Bxb7 Rcg8 37. Rxh8 Rxh8 38. f4 Rh4 39. Kg3 Rh5 40. Bf3 1-0

[Event "Cappelle op 26th"]
[Site "Cappelle la Grande"]
[Date "2010.02.15"]
[Round "4"]
[White "Amin, Bassem"]
[Black "Vorobiov, Evgeny E"]
[Result "1-0"]
[WhiteElo "2544"]
[BlackElo "2621"]
[PlyCount "143"]
[EventDate "2010.02.13"]
[EventType "swiss"]
[EventRounds "9"]
[EventCountry "FRA"]
[SourceTitle "CBM 134 Extra"]
[Source "ChessBase"]
[SourceDate "2010.03.03"]
[SourceVersion "1"]
[SourceVersionDate "2010.03.03"]
[SourceQuality "1"]

1. e4 c5 2. Nf3 Nc6 3. d3 e6 4. g3 d5 5. Nbd2 Nf6 6. Bg2 g6 7. O-O Bg7 8. Re1 O-O 9. c3 a5 10. Nb3 ({RR} 10. e5 Nd7 11. d4 cxd4 12. cxd4 f6 13. exf6 Qxf6 14. Qe2 Re8 15. b3 Nxd4 16. Nxd4 Qxd4 17. Rb1 Qc5 18. Nf3 e5 19. Be3 Qd6 20. Rbd1 Nf6 21. Bg5 e4 22. Bf4 Qf8 23. Ne5 g5 24. Bxg5 Rxe5 {Giri,A (2752)-Svidler,P (2753) Flor/Fjaere 2014 0-1 (33)}) ({RR} 10. a4 b6 11. Nf1 dxe4 12. dxe4 Ba6 13. Qxd8 Rfxd8 14. Bf4 Nd7 15. Rad1 Nde5 16. Nxe5 Nxe5 17. Bxe5 Bxe5 18. Ne3 Bc7 19. e5 Rac8 20. f4 Kf8 21. Kf2 Ke7 22. Bf1 Bb7 23. Ng4 Bd5 24. Bb5 Bb3 {Amin,B (2635)-Krasenkow,M (2632) Nice 2014 ½-½ (57)}) 10... b6 11. e5 $146 ({RR} 11. a4 Ra7 12. e5 Ng4 13. Bf4 f6 14. exf6 Qxf6 15. h3 Nh6 16. Qd2 Nf7 17. Bg5 Nxg5 18. Qxg5 Re7 19. Qxf6 Bxf6 20. d4 cxd4 21. cxd4 Ba6 22. Ne5 Nb4 23. Rec1 Bxe5 24. dxe5 Nd3 25. Rc6 Bc4 {Buzas,B (1931)-Percivaldi,M (2190) Budva 2013 0-1 (51)}) ({RR} 11. exd5 exd5 12. a4 Bf5 13. Bf4 Nh5 14. Bg5 Qd7 15. Qd2 Rfe8 16. Rxe8+ Rxe8 17. Re1 Rxe1+ 18. Nxe1 Nf6 19. Qe2 h6 20. Bf4 g5 21. Be3 Ne5 22. Bxc5 Qxa4 23. Qxe5 Qxb3 24. Bd4 Bg6 25. Bf3 Qxb2 {Golubova,A (2115)-Vakhlamov,I (2413) chess.com INT 2024 0-1 (77)}) 11... Nd7 12. Bf4 Ba6 13. h4 Rc8 14. Nc1 d4 15. c4 b5 16. b3 a4 17. h5 h6 18. hxg6 fxg6 19. Bh3 Qe8 20. cxb5 Bxb5 21. bxa4 Ba6 22. Rb1 Qf7 23. Rb2 Rce8 24. Bg2 Nb4 25. Qe2 Nd5 26. Bd2 g5 27. Qe4 N7b6 28. Nb3 Nxa4 29. Rc2 Nac3 30. Bxc3 Nxc3 31. Rxc3 Bb7 32. Rxc5 Bxe4 33. Rxe4 Rc8 34. Rxc8 Rxc8 35. Nfxd4 h5 36. a4 Rc3 37. Bf1 Qd7 38. Nd2 Qd5 39. N2f3 Bh6 40. g4 Ra3 41. gxh5 Ra1 42. a5 Qa2 43. Kg2 Kf7 44. Nh2 Qb1 45. Ndf3 Ke7 46. Re1 Qa2 47. Rxa1 Qxa1 48. Ng4 Bg7 49. h6 Bh8 50. a6 Qxa6 51. Nxg5 Qa1 52. Nf3 Qc1 53. Ne3 Kf7 54. Kg3 Kg6 55. Bh3 Qc6 56. Ng4 Qd5 57. d4 Kh5 58. Ne3 Qc6 59. h7 Kh6 60. Ng2 Kxh7 61. Bxe6 Bg7 62. Ne3 Bh6 63. d5 Qa4 64. Ng4 Bf4+ 65. Kg2 Qc4 66. Bf5+ Kg7 67. d6 Kf8 68. Nf6 Qb5 69. Nd4 Qa4 70. Ne6+ Kf7 71. d7 Qc6+ 72. Be4 1-0

[Event "Cappelle op 26th"]
[Site "Cappelle la Grande"]
[Date "2010.02.19"]
[Round "8"]
[White "Burmakin, Vladimir"]
[Black "Hoffmann, Michael"]
[Result "1-0"]
[WhiteElo "2590"]
[BlackElo "2508"]
[PlyCount "67"]
[EventDate "2010.02.13"]
[EventType "swiss"]
[EventRounds "9"]
[EventCountry "FRA"]
[SourceTitle "CBM 134 Extra"]
[Source "ChessBase"]
[SourceDate "2010.03.03"]
[SourceVersion "1"]
[SourceVersionDate "2010.03.03"]
[SourceQuality "1"]

1. Nf3 Nf6 2. g3 b5 3. Bg2 Bb7 4. O-O e6 5. b3 c5 6. c4 b4 ({RR} 6... bxc4 7. bxc4 Be7 8. Nc3 O-O 9. Rb1 Bc6 10. d3 d6 11. e4 Nbd7 12. Qe2 Rb8 13. Bb2 a6 14. Nd2 Qc7 15. f4 Nb6 16. f5 e5 17. g4 h6 18. h4 Nh7 19. Nf3 Na4 20. Nxa4 Bxa4 21. Qd2 {Fiskaaen,M (2283)-Vestby-Ellingsen,M (2398) Fagernes NOR 2025 ½-½}) 7. d4 ({RR} 7. a3 a5 8. Bb2 Be7 9. d4 O-O 10. axb4 cxb4 11. Nbd2 d6 12. Qc2 Qc7 13. e4 Rc8 14. e5 dxe5 15. Nxe5 Bxg2 16. Kxg2 Nc6 17. f4 Nd7 18. Ng4 Nb6 19. f5 Qd7 20. f6 h5 21. Nh6+ gxh6 {Duda,J (2750)-Le,Q (2709) chess24.com INT 2022 ½-½ (39)}) 7... Na6 $146 ({RR} 7... cxd4 8. a3 Na6 9. Qxd4 Bc5 10. Qb2 O-O 11. axb4 Nxb4 12. Nc3 d5 13. Na4 Be7 14. Be3 Ne4 15. Rfd1 Bf6 16. Bd4 Qe7 17. Bxf6 Nxf6 18. Ne5 {½-½ (18) Yandemirov,V (2475)-Yemelin,V (2550) Novgorod 1999}) ({RR} 7... cxd4 8. Qxd4 Be7 9. Bb2 O-O 10. Nbd2 d6 11. Ng5 Bxg2 12. Kxg2 h6 13. Ngf3 Nbd7 14. Ne4 Ne8 15. g4 e5 16. Qd3 Nef6 17. h3 Nxe4 18. Qxe4 a5 19. Rad1 Nc5 20. Qd5 Qc8 21. Nd2 Ne6 22. e3 {Panchanathan,M (2503)-Sheng,J (2453) Charlotte 2021 0-1}) 8. Bb2 Be7 9. d5 exd5 10. Nh4 Nc7 11. Nf5 O-O 12. cxd5 Bxd5 13. e4 Be6 14. Nxe7+ Qxe7 15. e5 Nfd5 16. Nd2 Nb5 17. Ne4 Ndc3 18. Bxc3 bxc3 19. Rc1 Rad8 20. Qd3 Nd4 21. Rxc3 Bf5 22. Qe3 Bxe4 23. Qxe4 d6 24. Re3 g6 25. exd6 Qxd6 26. Qe5 Qa6 27. Qxc5 Nf5 28. Re5 Qxa2 29. Bd5 Rc8 30. Qb4 Rfe8 31. Qb7 Nd6 32. Rxe8+ Rxe8 33. Qd7 Qa3 34. Bxf7+ 1-0

[Event "EU-ch 11th playoffs"]
[Site "Rijeka"]
[Date "2010.03.18"]
[Round "2.1"]
[White "Vorobiov, Evgeny E"]
[Black "Tregubov, Pavel V"]
[Result "1-0"]
[WhiteElo "2621"]
[BlackElo "2628"]
[PlyCount "99"]
[EventDate "2010.03.18"]
[EventType "k.o. (rapid)"]
[EventRounds "2"]
[EventCountry "CRO"]
[SourceTitle "CBM 136"]
[Source "ChessBase"]
[SourceDate "2010.05.18"]
[SourceVersion "1"]
[SourceVersionDate "2010.05.18"]
[SourceQuality "1"]

1. Nf3 d5 2. g3 Nf6 3. Bg2 c6 4. O-O Bf5 5. d3 e6 6. Nfd2 e5 7. e4 dxe4 8. dxe4 Bg4 9. Qe1 Nbd7 10. Nc3 Bc5 11. h3 $146 ({RR} 11. Kh1 Nb6 12. f4 Nfd7 13. Nb3 Be7 14. a4 a5 15. Nd1 Nc5 16. Nxc5 Bxc5 17. Be3 Qe7 18. Nf2 Be6 19. Nd3 Bxe3 20. Qxe3 Nd7 21. b3 f6 22. fxe5 fxe5 23. Rf2 Rf8 24. Rxf8+ Kxf8 25. Qf3+ Kg8 {Horvath,G (2280)-Lengyel,B (2289) Hungary 2007 1-0 (60)}) 11... Be6 12. Kh2 O-O 13. f4 Nb6 14. f5 Bc4 15. Nxc4 Nxc4 16. Qe2 b5 17. g4 Qa5 18. g5 Nd7 19. Nd1 Rfd8 20. c3 Bf8 21. Nf2 Qc7 22. Ng4 Nc5 23. b3 Nb6 24. Rf3 a5 25. Rg3 Kh8 26. Be3 b4 27. cxb4 axb4 28. Rg1 Nbd7 29. Rc1 Qa5 30. Rc2 Qa6 31. Qf3 Qd3 32. Rd2 Qb1 33. g6 Rxa2 34. Nxe5 fxg6 35. Nf7+ Kg8 36. Nxd8 Rxd2 37. Bxd2 Ne5 38. Qe2 Qc2 39. fxg6 hxg6 40. Re3 Bd6 41. Kh1 Ncd3 42. Be1 Qxb3 43. Nxc6 Qb1 44. Nxe5 Nxe5 45. Qd2 Bc7 46. Qd5+ Kh7 47. Qb3 Qc1 48. Re2 Nc4 49. e5 Bxe5 50. Re4 1-0

[Event "EU-ch 11th playoffs"]
[Site "Rijeka"]
[Date "2010.03.18"]
[Round "2.5"]
[White "Vorobiov, Evgeny E"]
[Black "Tregubov, Pavel V"]
[Result "1-0"]
[WhiteElo "2621"]
[BlackElo "2628"]
[PlyCount "78"]
[EventDate "2010.03.18"]
[EventType "k.o. (rapid)"]
[EventRounds "2"]
[EventCountry "CRO"]
[SourceTitle "CBM 136"]
[Source "ChessBase"]
[SourceDate "2010.05.18"]
[SourceVersion "1"]
[SourceVersionDate "2010.05.18"]
[SourceQuality "1"]

1. Nf3 c5 2. g3 Nc6 3. Bg2 g6 4. O-O Bg7 5. d3 e5 6. e4 Nge7 7. c3 O-O 8. a3 d6 9. b4 b6 10. Nbd2 h6 11. Bb2 ({RR} 11. Nc4 Be6 12. b5 Nb8 13. a4 Qc7 14. Ne3 Nd7 15. d4 Nf6 16. d5 Bd7 17. Nd2 a6 18. Rb1 axb5 19. axb5 Ra5 20. c4 Nh7 21. Bb2 Ra2 22. Nb3 f5 23. Nc1 Raa8 24. exf5 Nxf5 25. Nxf5 Bxf5 {Anton Guijarro,D (2688)-Vachier Lagrave,M (2778) Chess.com INT 2020 0-1 (90)}) ({RR} 11. b5 Na5 12. Nc4 Nxc4 13. dxc4 Be6 14. Qe2 a6 15. Rd1 Qd7 16. Rb1 axb5 17. cxb5 Ra4 18. Ne1 Bc4 19. Qd2 Rd8 20. Nc2 Bxb5 21. c4 Bxc4 22. Rxb6 Nc6 23. Ne3 Be6 24. Qb2 Ra7 25. Nd5 Kh7 {Dragomirescu,A (2060)-Kozak,A (2591) Alba Iulia ROU 2024 0-1 (39)}) 11... Be6 12. Rc1 $146 ({RR} 12. b5 Na5 13. Re1 a6 14. a4 Qd7 15. c4 Ra7 16. Nb1 f5 17. Nfd2 fxe4 18. Bxe4 axb5 19. axb5 d5 20. cxd5 Bxd5 21. Bxd5+ Nxd5 22. Bxe5 Nb4 23. Bxg7 Qxg7 24. Ra3 Rd7 25. Qg4 Qf7 26. Re6 Kh7 {Varnusz,E-Barczay,L Budapest 1965 1-0 (33)}) ({RR} 12. b5 Na5 13. c4 Nb7 14. a4 a5 15. bxa6 Rxa6 16. Nb1 Nc6 17. Nc3 Nd4 18. Nd5 Qd7 19. Nh4 Bxd5 20. cxd5 Rfa8 21. Bxd4 cxd4 22. f4 Bf6 23. fxe5 Bxe5 24. Qf3 Nc5 25. Bh3 Qe7 26. Ra2 Rxa4 {Ramakrishna,J (2298)-Murshed,N (2429) New Delhi 2009 0-1}) 12... Rc8 13. Re1 Qd7 14. Nf1 d5 15. exd5 Bxd5 16. b5 Na5 17. c4 Bxf3 18. Qxf3 Nb3 19. Rcd1 Nd4 20. Bxd4 exd4 21. h4 h5 22. Nd2 Rce8 23. Ne4 f6 24. Kh2 Nc8 25. Bh3 Qc7 26. Nxf6+ Bxf6 27. Rxe8 Rxe8 28. Qxf6 Qf7 29. Kg1 Nd6 30. Kf1 a6 31. a4 axb5 32. axb5 Ra8 33. Re1 Ra3 34. Re6 Nf5 35. Rxb6 Rxd3 36. Rc6 Rd1+ 37. Ke2 Rc1 38. Bxf5 gxf5 39. Rxc5 Rd1 1-0

[Event "Dos Hermanas Blitz Final"]
[Site "ICC INT"]
[Date "2010.03.19"]
[Round "2.2"]
[White "Nakamura, Hikaru"]
[Black "Simonian, Hrair"]
[Result "1-0"]
[WhiteElo "2735"]
[BlackElo "2521"]
[PlyCount "99"]
[EventDate "2010.03.19"]
[EventType "k.o. (blitz)"]
[EventRounds "5"]
[EventCountry "USA"]
[SourceTitle "CBM 135 Extra"]
[Source "ChessBase"]
[SourceDate "2010.05.04"]
[SourceVersion "1"]
[SourceVersionDate "2010.05.04"]
[SourceQuality "1"]

1. b3 Nf6 2. Bb2 b6 3. Nf3 Bb7 4. g3 e6 5. Bg2 Be7 6. O-O O-O 7. d3 d5 8. Nbd2 c5 9. e3 Nc6 10. Qe2 Qc7 ({RR} 10... Rc8 11. a3 b5 12. Rfe1 Qb6 13. Rab1 a5 14. h4 Qc7 15. Bh3 Rcd8 16. g4 e5 17. g5 Nd7 18. e4 d4 19. Rf1 Bc8 20. Nh2 Ndb8 21. Bf5 f6 22. g6 h6 23. Ng4 Rfe8 24. Rbe1 Bf8 25. Qf3 {Harvey,M (2486)-Martinez Pla,X (2261) chess.com INT 2024 1-0 (54)}) 11. e4 dxe4 12. dxe4 e5 13. c3 $146 ({RR} 13. Rfc1 Rfd8 14. Qe1 Nd4 15. Nxd4 cxd4 16. c3 d3 17. Rd1 a5 18. a3 b5 19. Bf1 Bc5 20. h3 Qc6 21. Bg2 Qe6 22. c4 b4 23. axb4 Bxb4 24. Qe3 Nd7 25. Rac1 Nc5 26. Bc3 Bxc3 27. Rxc3 Qb6 {Chashchev,S (2294)-Pushkov,N (2514) Sukhumi 2008 0-1 (67)}) 13... a5 14. a4 Ba6 15. Nc4 b5 16. axb5 Bxb5 17. Nfd2 Rfd8 18. Rfd1 a4 19. bxa4 Bxa4 20. Rdc1 Bb5 21. Qe1 Na5 22. Ne3 Bd3 23. c4 Rab8 24. Bc3 Nc6 25. Nd5 Nxd5 26. cxd5 Nd4 27. Ba5 Qc8 28. Bxd8 Bxd8 29. Bf1 Nc2 30. Qd1 Nb4 31. Bxd3 Nxd3 32. Rc3 Nb4 33. Nc4 Bf6 34. Ra7 Qd8 35. Rca3 Nc6 36. R7a6 Nd4 37. Kg2 g6 38. Rd6 Qe7 39. Raa6 Bg7 40. Rdb6 Rf8 41. Ne3 h5 42. h4 f5 43. Rxg6 f4 44. Nf5 Nxf5 45. exf5 Rxf5 46. Rg5 f3+ 47. Kh2 Rxg5 48. hxg5 e4 49. d6 Qxg5 50. d7 1-0

[Event "San Sebastian op 33rd"]
[Site "San Sebastian"]
[Date "2010.04.02"]
[Round "7"]
[White "Movsziszian, Karen"]
[Black "Cabrera Pino, Alexis"]
[Result "1-0"]
[WhiteElo "2530"]
[BlackElo "2533"]
[PlyCount "145"]
[EventDate "2010.03.28"]
[EventType "swiss"]
[EventRounds "9"]
[EventCountry "ESP"]
[SourceTitle "CBM 135 Extra"]
[Source "ChessBase"]
[SourceDate "2010.05.04"]
[SourceVersion "1"]
[SourceVersionDate "2010.05.04"]
[SourceQuality "1"]

1. g3 Nf6 2. Bg2 d5 3. Nf3 g6 4. O-O Bg7 5. d3 O-O 6. c3 c5 7. Nbd2 Nc6 8. e4 e5 9. exd5 Nxd5 10. Re1 Re8 11. a4 ({RR} 11. Qb3 Nb6 12. Nc4 Bf5 13. Rd1 Nxc4 14. dxc4 Qc7 15. Be3 e4 16. Nh4 Bg4 17. Re1 f5 18. h3 Bh5 19. Bxc5 Ne5 20. Bd4 Nd3 21. c5+ Kh8 22. Bxg7+ Qxg7 23. Re3 Rad8 24. Qb5 Re5 25. b4 g5 {Henriquez Villagra,C (2594)-Gajewski,G (2619) chess24.com INT 2019 0-1 (32)}) 11... h6 ({RR} 11... b6 12. h4 Bg4 13. Qb3 Be6 14. Ng5 Na5 15. Nxe6 Nxb3 16. Nxd8 Nxa1 17. Nxf7 Nc2 18. Re2 e4 19. Nxe4 Kxf7 20. Nd6+ Kf8 21. Nxe8 Rxe8 22. Rxe8+ Kxe8 23. Bxd5 Ke7 24. Kf1 Kd6 25. Bb3 Na1 26. Bd1 {Sowinski,P (2434)-Tulendinov,D (2173) chess.com INT 2025 1-0 (49)}) 12. Nc4 Qc7 13. a5 $146 ({RR} 13. Nfxe5 Nxe5 14. Bxd5 Bg4 15. f3 Bxf3 16. Rxe5 Bxd1 {0-1 (16) Duijker,R (2214)-Donchenko,A (2304) Hoogeveen 2011}) ({RR} 13. Bd2 Bf5 14. Qc1 Bxd3 15. Bf1 Bxf1 16. Kxf1 Kh7 17. Re4 f5 18. Rh4 f4 19. Ng5+ Kg8 20. Ne4 g5 21. Rh3 Qd7 22. Rh5 Qg4 23. Qd1 f3 24. Bxg5 Qxe4 25. Nd6 Qe2+ 26. Qxe2 fxe2+ 27. Kxe2 Re6 {Swiatlowski,L (2199)-Golubovic,E (2096) chess.com INT 2024 0-1}) 13... Bf5 14. Nfd2 Rad8 15. Ne4 Bf8 16. a6 b6 17. Ne3 Bxe4 18. Bxe4 Nxe3 19. Bxe3 Ne7 20. Qa4 Qc8 21. Rad1 Nd5 22. Bc1 Re6 23. Bg2 Re7 24. Qh4 Ree8 25. Bxh6 Bxh6 26. Qxh6 Qxa6 27. Ra1 Qxd3 28. Rad1 Qc4 29. Re4 Ne3 30. Re1 Nf5 31. Qg5 Qd3 32. h4 Ng7 33. Rxe5 Rxe5 34. Rxe5 Re8 35. Rxe8+ Nxe8 36. Bd5 Nf6 37. Bc6 Qd6 38. Bf3 Kg7 39. h5 Qe6 40. hxg6 fxg6 41. Kg2 Nd7 42. Qd8 Nf6 43. Qc7+ Qd7 44. Qe5 Kf7 45. c4 Qe7 46. Qf4 Kg7 47. b3 Ne8 48. Qb8 Nd6 49. Bd5 Ne8 50. Kf1 Nf6 51. Bb7 Ne8 52. Qxa7 Nd6 53. Qa1+ Kh7 54. Bd5 Nf5 55. Qa8 Qf6 56. Kg2 Nd4 57. Qg8+ Kh6 58. Qe8 Kg7 59. Qe3 Nc2 60. Qd2 Qf5 61. Bb7 Kh7 62. Qd8 Ne1+ 63. Kg1 Qb1 64. Qe7+ Kh6 65. Kh2 Qd1 66. Qf8+ Kh7 67. Bd5 Qh5+ 68. Kg1 Nd3 69. Bg8+ Kh8 70. Bf7+ Kh7 71. Qg8+ Kh6 72. Qh8+ Kg5 73. Qd8+ 1-0